Chemistry for environmental engineering and science (Record no. 37204)
[ view plain ]
| 000 -LEADER | |
|---|---|
| fixed length control field | 01038nam a2200265 a 4500 |
| 008 - FIXED-LENGTH DATA ELEMENTS--GENERAL INFORMATION | |
| fixed length control field | 120416s2003 ||||||||||||||||| || u |
| 020 ## - INTERNATIONAL STANDARD BOOK NUMBER | |
| International Standard Book Number | 0071198881 |
| 050 ## - LIBRARY OF CONGRESS CALL NUMBER | |
| Classification number | TD 193 Saw |
| 100 ## - MAIN ENTRY--PERSONAL NAME | |
| Personal name | Sawyer, Clair N |
| 245 10 - TITLE STATEMENT | |
| Title | Chemistry for environmental engineering and science |
| 250 ## - EDITION STATEMENT | |
| Edition statement | 5th ed. |
| 260 ## - PUBLICATION, DISTRIBUTION, ETC. | |
| Place of publication, distribution, etc. | Boston |
| Name of publisher, distributor, etc. | McGraw-Hill |
| Date of publication, distribution, etc. | 2003 |
| 300 ## - PHYSICAL DESCRIPTION | |
| Extent | xvi, 752p. : ill. |
| 350 ## - PRICE (NR) (BK AM CF MU VM SE) [OBSOLETE] | |
| Price | 0.00 |
| 490 ## - SERIES STATEMENT | |
| Series statement | The McGraw-Hill series in civil and environmental engineering |
| 650 #0 - SUBJECT ADDED ENTRY--TOPICAL TERM | |
| Topical term or geographic name entry element | ENVIRONMENTAL CHEMISTRY |
| 650 #0 - SUBJECT ADDED ENTRY--TOPICAL TERM | |
| Topical term or geographic name entry element | ENVIRONMENTAL CHEMISTRY--LABORATORY MANUALS |
| 650 #0 - SUBJECT ADDED ENTRY--TOPICAL TERM | |
| Topical term or geographic name entry element | CHEMISTRY--HANDBOOKS, MANUALS, ETC |
| 650 ## - SUBJECT ADDED ENTRY--TOPICAL TERM | |
| Topical term or geographic name entry element | SANITARY ENGINEERING--LABORATORY MANUALS |
| 700 ## - ADDED ENTRY--PERSONAL NAME | |
| Personal name | Parkin, Gene F |
| 700 ## - ADDED ENTRY--PERSONAL NAME | |
| Personal name | McCarty, Perry L |
| 856 ## - ELECTRONIC LOCATION AND ACCESS | |
| Uniform Resource Identifier | <a href="http://www.loc.gov/catdir/description/mh024/2002025494.html">http://www.loc.gov/catdir/description/mh024/2002025494.html</a> |
| 856 ## - ELECTRONIC LOCATION AND ACCESS | |
| Uniform Resource Identifier | <a href="http://www.loc.gov/catdir/toc/mh023/2002025494.html">http://www.loc.gov/catdir/toc/mh023/2002025494.html</a> |
| 995 ## - RECOMMENDATION 995 [LOCAL, UNIMARC FRANCE] | |
| -- | 0.00 |
| -- | CBU-MAIN LIBRARY (Kitwe) |
| -- | 1 |
| -- | 30.00 |
| -- | 1 |
| -- | AVAILABLE |
| -- | Main Library Open Access Collection |
| Withdrawn status | Lost status | Source of classification or shelving scheme | Damaged status | Not for loan | Home library | Current library | Shelving location | Date acquired | Total Checkouts | Full call number | Barcode | Date last seen | Price effective from | Koha item type |
|---|---|---|---|---|---|---|---|---|---|---|---|---|---|---|
| CBU-MAIN LIBRARY, KITWE. | CBU-MAIN LIBRARY, KITWE. | 11/30/2022 | TD 193 Saw | 40238 | 11/30/2022 | 11/30/2022 | MONOGRAPH |